|
|
|
|
| LEADER |
00000nas a22000007a 4500 |
| 001 |
ssj0026187 |
| 003 |
WaSeSS |
| 005 |
20200512172242.0 |
| 006 |
m d |
| 007 |
cr n |
| 008 |
000517d19942009enkqr p s a 0 a0eng d |
| 010 |
|
|
|a 2003214866
|
| 015 |
|
|
|a GB9420090
|2 bnb
|
| 016 |
7 |
|
|a 9887796
|2 DNLM
|
| 016 |
7 |
|
|a SR0078461
|2 DNLM
|
| 016 |
7 |
|
|a 008418915
|2 Uk
|
| 022 |
|
|
|l 0968-7610
|y 0968-7610
|
| 035 |
|
|
|a (WaSeSS)ssj0026187
|
| 040 |
|
|
|a IMC
|b eng
|c IMC
|d OCLCQ
|d NLM
|d NSD
|d OCLCQ
|d UKMGB
|d OCLCQ
|d OCLCF
|d OCLCO
|d IUL
|d WaSeSS
|
| 042 |
|
|
|a nsdp
|a msc
|
| 050 |
|
4 |
|a HV4997
|b .A44
|
| 082 |
1 |
0 |
|a 362
|2 13
|
| 210 |
0 |
|
|a Addict. abstr.
|
| 222 |
|
0 |
|a Addiction abstracts
|
| 245 |
0 |
0 |
|a Addiction abstracts
|h [electronic resource].
|
| 260 |
|
|
|a Basingstoke, Hants, U.K. :
|b Carfax Pub., Taylor & Francis,
|c 1994-
|
| 310 |
|
|
|a Quarterly
|
| 362 |
0 |
|
|a Vol. 1, no. 1 (1994)-
|
| 362 |
1 |
|
|a Ceased in print in 2009.
|
| 500 |
|
|
|a Published in conjunction with the National Addiction Centre in London.
|
| 506 |
|
|
|a License restrictions may limit access.
|
| 650 |
|
0 |
|a Alcoholism
|v Abstracts
|v Periodicals.
|
| 650 |
|
0 |
|a Addicts
|v Abstracts
|v Periodicals.
|
| 650 |
|
0 |
|a Compulsive behavior
|v Abstracts
|v Periodicals.
|
| 650 |
|
0 |
|a Substance abuse
|v Abstracts
|v Periodicals.
|
| 650 |
|
7 |
|a Addicts.
|2 fast
|0 (OCoLC)fst00796510
|
| 650 |
|
7 |
|a Alcoholism.
|2 fast
|0 (OCoLC)fst00804461
|
| 650 |
|
7 |
|a Compulsive behavior.
|2 fast
|0 (OCoLC)fst00871935
|
| 650 |
|
7 |
|a Substance abuse.
|2 fast
|0 (OCoLC)fst01136767
|
| 653 |
1 |
|
|a Addiction
|
| 655 |
|
0 |
|a Electronic journals.
|
| 710 |
2 |
|
|a National Addiction Centre (King's College London)
|
| 856 |
4 |
0 |
|z Full text available from Research Library: 01/01/1998 to 07/31/2000
|u https://search.proquest.com/publication/32756
|